Statistiken für Regionen von Ländern Quiz

Klicken Sie hier um das Quiz zu spielen!

Allgemein

  • Dieses Quiz wurde 14.295 mal gespielt
  • Das Durchschnittsergebnis liegt bei 14 aus 21

Antwortstatistiken

RegionLand% Korrekt
BayernDeutschland
100%
ToskanaItalien
96%
HollandNiederlande
93%
BretagneFrankreich
85%
AndalusienSpanien
83%
CornwallVereinigtes Königreich
82%
HokkaidoJapan
81%
NeuenglandVereinigte Staaten
76%
JütlandDänemark
75%
NeufundlandKanada
72%
BöhmenTschechien
72%
TasmanienAustralien
71%
SumatraIndonesien
59%
AnatolienTürkei
56%
MandschureiChina
54%
KamtschatkaRussland
52%
WallonienBelgien
43%
ChiapasMexiko
43%
SüdossetienGeorgien
32%
GujaratIndien
29%
LuzonPhilippinen
24%

Verteilung der Resultate

Perzentil nach korrekt beantworteten Fragen

Anzahl Personen mit jedem Resultat

Ihre Resultats-Entwicklung

Sie haben dieses Quiz noch nicht gespielt